MARC

LEADER 00000nam0a2200000 4500
001 371568
005 20231102012407.0
035 |a (RuTPU)RU\TPU\retro\28978 
090 |a 371568 
100 |a 20221027d1978 m y0rusy50 ca 
101 0 |a rus 
102 |a KZ 
105 |a y z 001zy 
200 1 |a Алгоритмы и программы для обработки геолого-геофизических на ЭВМ ЕС-1020  |f Научно-производственное объединение "Геофизика" 
210 |a Алма-Ата  |c [Б. и.]  |d 1978 
215 |a 302 с. 
320 |a Библиогр.: с. 295-297 
606 1 |a Геофизические исследования  |x Обработка результатов  |x (поиски и разведка)  |2 stltpush  |3 (RuTPU)RU\TPU\subj\38592  |9 59019 
610 1 |a геофизические данные 
610 1 |a обработка 
610 1 |a интерпретация 
610 1 |a математическое обеспечение 
610 1 |a базы данных 
610 1 |a создание 
610 1 |a эксплуатация 
610 1 |a геометрические преобразования 
610 1 |a графопостроение 
610 1 |a графопостроение 
675 |a 550.83.05  |v 4 
712 0 2 |a Научно-производственное объединение "Геофизика"  |2 stltpush  |3 (RuTPU)RU\TPU\col\10268  |9 24815 
801 1 |a RU  |b 63413507  |c 20221027 
942 |c BK